[Event "Mittelfranken-chTB1 1819"]
[Site "Mittelfranken"]
[Date "2019.03.03"]
[Round "6.7"]
[White "Walther, Reinhard"]
[Black "Wirth, Karl Heinz"]
[Result "0-1"]
[WhiteElo "1859"]
[BlackElo "1875"]
[PlyCount "88"]
[EventDate "2018.10.14"]
[EventType "team-tourn"]
[EventRounds "9"]
[EventCountry "GER"]
[SourceTitle "EXT 2022"]
[Source "ChessBase"]
[SourceDate "2021.10.06"]
[SourceVersion "1"]
[SourceVersionDate "2021.10.06"]
[SourceQuality "1"]
[WhiteTeam "Herzogenaurach II"]
[BlackTeam "Muehlhof/Schwabach"]
[WhiteTeamCountry "GER"]
[BlackTeamCountry "GER"]

1. d4 Nf6 2. Bg5 c5 3. d5 Qb6 4. Nc3 Qxb2 5. Bd2 Qb6 6. e4 e6 7. Bc4 exd5 8. exd5 d6 9. Nf3 Be7 10. 0-0 0-0 11. Re1 Qd8 12. Re3 Nbd7 13. Qe2 Nb6 14. Bb3 Re8 15. Re1 Kf8 16. a4 c4 17. Bxc4 Nxc4 18. Qxc4 Bf5 19. Qb3 Ng4 20. R3e2 Qd7 21. h3 Nf6 22. Nd4 Bg6 23. Bf4 Nh5 24. Bh2 a6 25. Ne4 Bxe4 26. Rxe4 Bf6 27. Qd3 Rxe4 28. Qxe4 Bxd4 29. Qxd4 Nf6 30. Bf4 Rc8 31. c3 Rc5 32. c4 b5 33. axb5 axb5 34. Ra1 bxc4 35. Ra8+ Ne8 36. Qe4 Rc8 37. Rxc8 Qxc8 38. Qxh7 c3 39. Qc2 Qc5 40. Be3 Qc4 41. g3 Nf6 42. Bf4 Ke7 43. Bg5 Qd4 44. Kg2 Qxd5+ 0-1

[Event "Mittelfranken-chTB1 1617"]
[Site "Mittelfranken"]
[Date "2017.03.26"]
[Round "8.7"]
[White "Wirth, Karl Heinz"]
[Black "Hannweber, Markus"]
[Result "1/2-1/2"]
[WhiteElo "1861"]
[BlackElo "1850"]
[PlyCount "96"]
[EventDate "2016.10.23"]
[EventType "team-tourn"]
[EventRounds "9"]
[EventCountry "GER"]
[SourceTitle "EXT 2022"]
[Source "ChessBase"]
[SourceDate "2021.10.06"]
[SourceVersion "1"]
[SourceVersionDate "2021.10.06"]
[SourceQuality "1"]
[WhiteTeam "Muehlhof/Schwabach"]
[BlackTeam "Nuernberg SK 1911"]
[WhiteTeamCountry "GER"]
[BlackTeamCountry "GER"]

1. e4 e5 2. f4 exf4 3. Nf3 d6 4. Bc4 Be7 5. 0-0 Nf6 6. d3 0-0 7. Bxf4 Bg4 8. Nbd2 Nc6 9. a3 Qd7 10. Qe1 Bh5 11. h3 Rae8 12. Qf2 a6 13. g4 Bg6 14. Rae1 Bd8 15. Nh4 Ne5 16. Bxe5 dxe5 17. Nxg6 hxg6 18. Nf3 Nh7 19. Nh4 Bxh4 20. Qxh4 Qe7 21. Qxe7 Rxe7 22. h4 Nf6 23. Re3 Nxg4 24. Rg3 Nh6 25. Rxg6 Kh7 26. Rg3 f6 27. a4 a5 28. c3 Ra8 29. Ra1 Nf7 30. Bxf7 Rxf7 31. Kf2 c5 32. Ke3 Rd7 33. Rd1 Rad8 34. Rd2 Rd6 35. Ke2 c4 36. Re3 Kh6 37. d4 exd4 38. cxd4 Rxd4 39. Rc2 Kh5 40. Kf3 Re8 41. Kf4 g6 42. b3 cxb3 43. Rc7 Kh6 44. Rxb7 Rxa4 45. h5 f5 46. hxg6 Kxg6 47. Rb6+ Kf7 48. Kxf5 Rb4 1/2-1/2

[Event "Mittelfranken-chTB1 1617"]
[Site "Mittelfranken"]
[Date "2016.10.23"]
[Round "1.7"]
[White "Wirth, Karl Heinz"]
[Black "Knab, Reinhard"]
[Result "1-0"]
[WhiteElo "1861"]
[BlackElo "1765"]
[PlyCount "79"]
[EventDate "2016.10.23"]
[EventType "team-tourn"]
[EventRounds "9"]
[EventCountry "GER"]
[SourceTitle "EXT 2022"]
[Source "ChessBase"]
[SourceDate "2021.10.06"]
[SourceVersion "1"]
[SourceVersionDate "2021.10.06"]
[SourceQuality "1"]
[WhiteTeam "Muehlhof/Schwabach"]
[BlackTeam "Nuernberg Zabo Eintracht"]
[WhiteTeamCountry "GER"]
[BlackTeamCountry "GER"]

1. e4 b6 2. d4 Bb7 3. Nc3 e6 4. Bd3 d5 5. exd5 Bxd5 6. Nf3 Nf6 7. Bg5 Bb4 8. 0-0 Bxc3 9. bxc3 h6 10. Bxf6 gxf6 11. c4 Bxf3 12. Qxf3 Nd7 13. Be4 c6 14. Bxc6 Rc8 15. Rfe1 Rg8 16. d5 e5 17. Qh3 Ke7 18. Qa3+ Nc5 19. Qxa7+ Kd6 20. Qxf7 Rc7 21. Qh5 Rcg7 22. g3 Rg5 23. Qf3 h5 24. h4 Rg4 25. Kf1 R8g6 26. Rab1 Rxc4 27. Qf5 Rcg4 28. Rb5 Kc7 29. Rxc5 bxc5 30. Rb1 Rb4 31. Rxb4 cxb4 32. Qxg6 Qd6 33. Qxh5 Qe7 34. Qf5 Kb6 35. h5 Qc5 36. h6 Qc4+ 37. Qd3 Qg4 38. Qb5+ Kc7 39. Qb7+ Kd6 40. Qd7+ 1-0

[Event "Mittelfranken Mitte-ch"]
[Site "Zirndorf"]
[Date "2015.01.03"]
[Round "4"]
[White "Wirth, Karl Heinz"]
[Black "Strobel, Norbert"]
[Result "0-1"]
[WhiteElo "1788"]
[BlackElo "1948"]
[PlyCount "52"]
[EventDate "2015.01.02"]
[EventType "swiss"]
[EventRounds "7"]
[EventCountry "GE2"]
[SourceTitle "EXT 2018"]
[Source "ChessBase"]
[SourceDate "2017.10.13"]
[SourceVersion "1"]
[SourceVersionDate "2017.10.13"]
[SourceQuality "1"]

1. e4 c6 2. d4 d5 3. Nc3 dxe4 4. f3 exf3 5. Nxf3 Bg4 6. Bc4 e6 7. 0-0 Nf6 8. Bg5 Nbd7 9. Qd2 Bxf3 10. Rxf3 Qa5 11. Bh4 0-0-0 12. Bg3 Nb6 13. Bb3 c5 14. Qe2 cxd4 15. Nb5 Nbd5 16. Qc4+ Kd7 17. Ba4 Bb4 18. b3 Ke7 19. a3 a6 20. axb4 Qxb4 21. Qxb4+ Nxb4 22. Na3 b5 23. Bxb5 axb5 24. Nxb5 Rd7 25. Be5 Nxc2 26. Rd3 Nxa1 0-1

[Event "Mittelfranken Mitte-ch"]
[Site "Zirndorf"]
[Date "2015.01.02"]
[Round "1"]
[White "Wirth, Karl Heinz"]
[Black "Hueseinov, Sebaydin"]
[Result "1-0"]
[WhiteElo "1788"]
[BlackElo "1630"]
[PlyCount "77"]
[EventDate "2015.01.02"]
[EventType "swiss"]
[EventRounds "7"]
[EventCountry "GE2"]
[SourceTitle "EXT 2018"]
[Source "ChessBase"]
[SourceDate "2017.10.13"]
[SourceVersion "1"]
[SourceVersionDate "2017.10.13"]
[SourceQuality "1"]

1. e4 e5 2. f4 exf4 3. Nf3 Nf6 4. Nc3 d6 5. Bc4 c6 6. 0-0 Be7 7. d4 0-0 8. Bxf4 d5 9. exd5 cxd5 10. Bd3 Bg4 11. h3 Bh5 12. Qd2 Bb4 13. Rae1 Nc6 14. Be5 Bxf3 15. Rxf3 Nxe5 16. Rxe5 Re8 17. Qf2 Re6 18. Rfe3 Bxc3 19. bxc3 Qb6 20. Rxe6 fxe6 21. Rg3 Rf8 22. Qe1 Re8 23. Re3 a6 24. Kh1 Qd6 25. c4 Qd7 26. c3 b5 27. cxb5 axb5 28. Qe2 Qd6 29. Bxb5 Re7 30. a4 Ne4 31. Qe1 Rf7 32. Bd3 Qf8 33. Kg1 Nf2 34. Bc2 Ne4 35. Bxe4 dxe4 36. Rxe4 Rb7 37. Rxe6 Qf5 38. Qe2 Qf4 39. Re8+ 1-0

[Event "Mittelfranken-chTB2b 1314"]
[Site "Mittelfranken"]
[Date "2013.10.20"]
[Round "1.5"]
[White "Ruderer, Thomas"]
[Black "Wirth, Karl Heinz"]
[Result "1/2-1/2"]
[WhiteElo "1730"]
[BlackElo "1792"]
[PlyCount "117"]
[EventDate "2013.10.20"]
[EventType "team-tourn"]
[EventRounds "9"]
[EventCountry "GER"]
[SourceTitle "EXT 2020"]
[Source "ChessBase"]
[SourceDate "2019.10.17"]
[SourceVersion "1"]
[SourceVersionDate "2019.10.17"]
[SourceQuality "1"]
[WhiteTeam "Heideck/Hilpoltstein"]
[BlackTeam "Muehlhof/Schwabach"]
[WhiteTeamCountry "GER"]
[BlackTeamCountry "GER"]

1. e4 e5 2. Nf3 f5 3. Nxe5 Qf6 4. d4 d6 5. Nc4 fxe4 6. Nc3 Qg6 7. Nd5 Qf7 8. Nde3 Nf6 9. d5 Be7 10. Be2 0-0 11. 0-0 Nbd7 12. f3 exf3 13. Bxf3 b5 14. Na5 Ne5 15. b3 Bd7 16. c4 Rab8 17. Nc6 Bxc6 18. dxc6 Nxf3+ 19. Rxf3 bxc4 20. Nxc4 Qh5 21. Qe2 Rbe8 22. Qe6+ Kh8 23. Qh3 Qc5+ 24. Be3 Qxc6 25. Rc1 Qa6 26. a4 Qb7 27. Bg5 Qd5 28. Bh4 a6 29. Re1 Bd8 30. Rfe3 Rxe3 31. Qxe3 Qh5 32. Qg5 Qxg5 33. Bxg5 h6 34. Bh4 g5 35. Bf2 Kg8 36. h3 d5 37. Ne5 Ne4 38. Nf3 Be7 39. Rd1 c6 40. Re1 Rb8 41. Nd4 Bc5 42. Rc1 Ba7 43. Be3 Rxb3 44. Rxc6 Rb1+ 45. Kh2 Bb8+ 46. g3 Bxg3+ 47. Kg2 Rb2+ 48. Kf3 Bf4 49. Rxa6 Bxe3 50. Kxe3 Ra2 51. Nf5 Nc5 52. Rxh6 Rxa4 53. Ne7+ Kg7 54. Rd6 Re4+ 55. Kf3 Rxe7 56. Rxd5 Ne6 57. Kg4 Rf7 58. Kg3 Rf4 59. Rxg5+ 1/2-1/2

[Event "Mittelfranken-chTB2b 1213"]
[Site "Germany"]
[Date "2012.12.02"]
[Round "4.5"]
[White "Wirth, Karl Heinz"]
[Black "Walther, Reinhard"]
[Result "0-1"]
[WhiteElo "1868"]
[BlackElo "1896"]
[PlyCount "68"]
[EventDate "2012.10.07"]
[EventType "team-tourn"]
[EventRounds "9"]
[EventCountry "GER"]
[SourceTitle "EXT 2019"]
[Source "ChessBase"]
[SourceDate "2018.10.10"]
[SourceVersion "1"]
[SourceVersionDate "2018.10.10"]
[SourceQuality "1"]
[WhiteTeam "Muehlhof/Schwabach"]
[BlackTeam "Herzogenaurach"]
[WhiteTeamCountry "GER"]
[BlackTeamCountry "GER"]

1. e4 d6 2. d4 Nf6 3. Bd3 Nc6 4. Nf3 Bg4 5. c3 e5 6. d5 Ne7 7. Bg5 h6 8. Bxf6 gxf6 9. Nbd2 c6 10. Qb3 Qc7 11. 0-0 Rg8 12. Kh1 Ng6 13. Rg1 Nf4 14. Bf1 Be7 15. g3 Ng6 16. Bg2 h5 17. Nc4 cxd5 18. exd5 0-0-0 19. a4 h4 20. h3 hxg3 21. fxg3 Rh8 22. h4 Rdg8 23. Ncd2 f5 24. Rgf1 f4 25. Nh2 Bd7 26. Rf3 fxg3 27. Rxg3 Bxh4 28. Rf3 Nf4 29. Rxf4 exf4 30. Rg1 Bg3 31. Ndf3 Bg4 32. Qc2 Bxf3 33. Bxf3 Rg6 34. Rg2 Rgh6 0-1

[Event "Mittelfranken-chTB2b 1112"]
[Site "Germany"]
[Date "2012.03.25"]
[Round "9.7"]
[White "Wirth, Karl Heinz"]
[Black "Arlt, Michael"]
[Result "0-1"]
[WhiteElo "1868"]
[BlackElo "1925"]
[PlyCount "118"]
[EventDate "2011.09.25"]
[EventType "team-tourn"]
[EventRounds "9"]
[EventCountry "GER"]
[SourceTitle "EXT 2018"]
[Source "ChessBase"]
[SourceDate "2017.10.13"]
[SourceVersion "1"]
[SourceVersionDate "2017.10.13"]
[SourceQuality "1"]
[WhiteTeam "Muehlhof/Schwabach"]
[BlackTeam "Schwanstetten"]
[WhiteTeamCountry "GER"]
[BlackTeamCountry "GER"]

1. e4 d5 2. d4 dxe4 3. Nc3 Nf6 4. f3 exf3 5. Nxf3 e6 6. Bc4 a6 7. Bg5 Be7 8. 0-0 b5 9. Bd3 Bb7 10. Ne2 Nbd7 11. c3 c5 12. a4 Qb6 13. axb5 cxd4 14. bxa6 dxc3+ 15. Kh1 cxb2 16. Rb1 Bxa6 17. Bxa6 Rxa6 18. Qc2 0-0 19. Rxb2 Qa7 20. Rfb1 Ra1 21. Ned4 Bc5 22. Nb3 Rxb1+ 23. Rxb1 Bb6 24. Nbd2 Be3 25. Bh4 Bf2 26. Bg5 h6 27. Bf4 Bc5 28. Nb3 Be7 29. Nfd4 Qa8 30. Nc6 Bc5 31. Ne5 Nxe5 32. Nxc5 Ned7 33. Nb3 Rc8 34. Qd2 Nd5 35. Bg3 N7f6 36. Re1 Qa4 37. Nd4 Rc4 38. Be5 Ng4 39. Nf3 Rc2 40. Qd4 Rc4 41. Qb2 Qc2 42. Qb5 Nxe5 43. Nxe5 Re4 44. Rg1 Qc8 45. Nc6 Kh7 46. Qd3 f5 47. Nd4 Nf4 48. Qd2 Qd7 49. Rd1 e5 50. Nf3 Qxd2 51. Rxd2 Rb4 52. Kg1 e4 53. Ne1 Rd4 54. Rc2 Rd1 55. Kf1 Nd3 56. Re2 Rxe1+ 57. Rxe1 Nxe1 58. Kxe1 f4 59. Ke2 Kg6 0-1

[Event "Nuremberg Zabo op 13th"]
[Site "Nuremberg"]
[Date "2011.09.18"]
[Round "5"]
[White "Wirth, Karl Heinz"]
[Black "Nuesslein, Christian"]
[Result "1-0"]
[WhiteElo "1836"]
[BlackElo "1608"]
[PlyCount "51"]
[EventDate "2011.09.16"]
[EventType "swiss"]
[EventRounds "5"]
[EventCountry "GER"]
[SourceTitle "EXT 2013"]
[Source "ChessBase"]
[SourceDate "2012.11.22"]
[SourceVersion "1"]
[SourceVersionDate "2012.11.22"]
[SourceQuality "1"]

1. e4 Nf6 2. Nc3 d5 3. d4 Nxe4 4. Nxe4 dxe4 5. Bc4 e6 6. Be3 c5 7. dxc5 Qxd1+ 8. Rxd1 Nc6 9. f3 exf3 10. Nxf3 Be7 11. 0-0 Bd7 12. a3 a5 13. c3 Rd8 14. b4 axb4 15. cxb4 0-0 16. Bf4 Bc8 17. Ng5 Rxd1 18. Rxd1 Rd8 19. Rxd8+ Bxd8 20. Ne4 Be7 21. b5 Na5 22. Ba2 b6 23. Bd6 Bxd6 24. Nxd6 Bd7 25. cxb6 Kf8 26. a4 1-0

[Event "Nuremberg Zabo op 13th"]
[Site "Nuremberg"]
[Date "2011.09.17"]
[Round "3"]
[White "Siegl, Adrian"]
[Black "Wirth, Karl Heinz"]
[Result "0-1"]
[WhiteElo "1548"]
[BlackElo "1836"]
[PlyCount "50"]
[EventDate "2011.09.16"]
[EventType "swiss"]
[EventRounds "5"]
[EventCountry "GER"]
[SourceTitle "EXT 2013"]
[Source "ChessBase"]
[SourceDate "2012.11.22"]
[SourceVersion "1"]
[SourceVersionDate "2012.11.22"]
[SourceQuality "1"]

1. e4 e5 2. f4 d5 3. exd5 c6 4. dxc6 Nxc6 5. Nf3 e4 6. Ne5 Bc5 7. Nxc6 bxc6 8. Nc3 Nf6 9. d3 Qd4 10. Qe2 e3 11. Qd1 Bg4 12. Be2 Qxf4 13. Rf1 Qxh2 14. Bxg4 Qg3+ 15. Ke2 Qxg2+ 16. Ke1 Qg3+ 17. Ke2 Nxg4 18. Ne4 Qg2+ 19. Ke1 Nh2 20. Rf4 Bb6 21. Qh5 0-0 22. b3 Bd4 23. Ng5 Bc3+ 24. Kd1 Qg1+ 25. Rf1 Qxf1# 0-1

[Event "Mittelfranken-chTB2b 1011"]
[Site "Germany"]
[Date "2011.03.13"]
[Round "7.7"]
[White "Wirth, Karl Heinz"]
[Black "Nerreter, Bernd"]
[Result "1-0"]
[WhiteElo "1794"]
[BlackElo "1485"]
[PlyCount "45"]
[EventDate "2010.09.26"]
[EventType "team-tourn"]
[EventRounds "9"]
[EventCountry "GER"]
[SourceTitle "EXT 2012"]
[Source "ChessBase"]
[SourceDate "2011.11.24"]
[SourceVersion "1"]
[SourceVersionDate "2011.11.24"]
[SourceQuality "1"]
[WhiteTeam "Muehlhof/Schwabach"]
[BlackTeam "Schwanstetten"]
[WhiteTeamCountry "GER"]
[BlackTeamCountry "GER"]

1. e4 c6 2. d4 d5 3. Nc3 dxe4 4. f3 exf3 5. Nxf3 Bg4 6. Bc4 e6 7. 0-0 Nf6 8. Bg5 Be7 9. Qd2 0-0 10. Rae1 Nbd7 11. h3 Bxf3 12. Rxf3 Qb6 13. Bb3 Bb4 14. Qd3 Bxc3 15. bxc3 Nd5 16. c4 Nb4 17. Qd2 Na6 18. c5 Qb4 19. c3 Qa5 20. Be7 Rfe8 21. Rxf7 Kh8 22. Qg5 g6 23. Qh6 1-0

[Event "Mittelfranken-ch QT 59th"]
[Site "Forchheim"]
[Date "2010.04.01"]
[Round "4"]
[White "Wirth, Karl Heinz"]
[Black "Corral, Carlos"]
[Result "0-1"]
[WhiteElo "1738"]
[BlackElo "1882"]
[PlyCount "110"]
[EventDate "2010.03.31"]
[EventType "swiss"]
[EventRounds "7"]
[EventCountry "GER"]
[SourceTitle "EXT 2011"]
[Source "ChessBase"]
[SourceDate "2010.11.26"]
[SourceVersion "1"]
[SourceVersionDate "2010.11.26"]
[SourceQuality "1"]

1. e4 c5 2. b4 cxb4 3. a3 d5 4. exd5 Nf6 5. c4 bxc3 6. Nxc3 Nxd5 7. Bc4 Nb6 8. Ba2 Nc6 9. Nf3 Bf5 10. 0-0 Bd3 11. Re1 e6 12. Bb2 Nc4 13. Bxc4 Bxc4 14. Qa4 Ba6 15. d4 Qa5 16. d5 Qxa4 17. Nxa4 Nd8 18. Nd4 Bc4 19. dxe6 fxe6 20. Rac1 b5 21. Nc3 Kf7 22. Ne4 Be7 23. Nd2 Bd5 24. Rc7 a6 25. Nf5 Nc6 26. Nxe7 Nxe7 27. Ne4 Bxe4 28. Rxe4 Rhc8 29. Rb7 Rc2 30. Rb4 Rac8 31. g3 R8c7 32. Rxc7 Rxc7 33. Be5 Rc1+ 34. Kg2 Nd5 35. Rb3 g6 36. h4 Ke7 37. a4 b4 38. Bd4 Rc4 39. Be5 Kd7 40. Kf3 Kc6 41. Bg7 Rc2 42. Bb2 Kc5 43. Bg7 Ra2 44. Ke4 Kc4 45. Rb1 Rxf2 46. Rc1+ Nc3+ 47. Ke5 Re2+ 48. Kd6 Kb3 49. Kc6 Nxa4 50. Rb1+ Kc4 51. Ra1 Nc3 52. Rxa6 b3 53. Rb6 e5 54. Kd6 b2 55. Bxe5 Nb5+ 0-1

[Event "Mittelfranken-ch QT 59th"]
[Site "Forchheim"]
[Date "2010.03.31"]
[Round "2"]
[White "Wirth, Karl Heinz"]
[Black "Walch, Roger"]
[Result "1-0"]
[WhiteElo "1738"]
[BlackElo "1655"]
[PlyCount "55"]
[EventDate "2010.03.31"]
[EventType "swiss"]
[EventRounds "7"]
[EventCountry "GER"]
[SourceTitle "EXT 2011"]
[Source "ChessBase"]
[SourceDate "2010.11.26"]
[SourceVersion "1"]
[SourceVersionDate "2010.11.26"]
[SourceQuality "1"]

1. e4 e6 2. d4 d5 3. Nc3 Nf6 4. e5 Nfd7 5. f4 c5 6. Nf3 Nc6 7. Be3 cxd4 8. Nxd4 Bc5 9. Ncb5 0-0 10. Nxc6 bxc6 11. Bxc5 Nxc5 12. Nd6 f6 13. Qd4 Nd7 14. h4 c5 15. Qe3 d4 16. Qb3 Qe7 17. Bc4 fxe5 18. Bxe6+ Kh8 19. Nf7+ Rxf7 20. Bxf7 exf4+ 21. Qe6 Qxe6+ 22. Bxe6 Nf6 23. Bxc8 Rxc8 24. 0-0 Nd5 25. Rae1 Rf8 26. Re5 Ne3 27. Rxf4 Rc8 28. Rxc5 1-0